| 000 | 00640nam a2200229 a 4500 | ||
|---|---|---|---|
| 001 | BRCA_320 | ||
| 005 | 20190320202946.0 | ||
| 008 | 900201s1990 maua b 001 0 eng | ||
| 020 | _a1871569257 | ||
| 040 |
_aDLC _cDLC |
||
| 050 | 4 |
_aNK5306 _b.R48 1990 |
|
| 100 | 1 |
_aReyntiens, Patrick _91061 |
|
| 245 | 1 | 0 |
_aThe Beauty of Stained Glass _cPatrick Reyntiens. |
| 260 |
_aGran Bretaña _bThe Herbert _c1990 |
||
| 300 |
_a224 p. _bil. a color _c29 cm. |
||
| 500 | _aIncluye índice | ||
| 500 | _aDonación Consejo Británico | ||
| 504 | _aBibliografía: p. 219-220 | ||
| 650 | 1 | 4 |
_aVitrales _xHistoria _91062 |
| 902 | _aDCB | ||
| 942 |
_2lcc _cB |
||
| 999 |
_c257 _d257 |
||